000
00311nam a22001457a 4500
008
231101b ||||| |||| 00| 0 eng d
020
_a
0792312945
041
_a
eng
080
_a
101
082
_a
101BOH
100
_a
44
101
_a
FILOZO
245
_a
SCIENCE AND PHILOSOPHY
_c
BOHR.N
942
_2
udc
_c
BK
999
_c
60474
_d
60474